| 000 | 00411cam a2200157ua 4500 | ||
|---|---|---|---|
| 041 |
_aeng _h |
||
| 082 |
_a621.3 _bHAG/PR |
||
| 100 | _aHague, B . | ||
| 245 |
_aPrinciples of electromagnetism: Applied to electric machines / _cB Hague. _hTextual Documents |
||
| 250 |
_a1 / _b. |
||
| 260 |
_aNew York : _bDover Publications , _c1962. |
||
| 300 | _a359 ; . | ||
| 504 | _a | ||
| 942 | _cBK | ||
| 999 |
_c9761 _d9761 |
||